000 00616nam a22001937a 4500
003 OSt
005 20251027040737.0
008 251027b |||||||| |||| 00| 0 eng d
020 _a13: 978-1-4130-3089-1.
040 _aDWCL-Main lib
_cOC
082 _aCirc. 410 F495l 2008
100 _aFinegan, Edward
245 _aLanguage :
_bits structure and use 5th ed.
260 _aBoston :
_bThomson/Wadsworth,
_cc2008.
300 _axxvi, 574 pages :
_billustration ;
_c23 cm.
504 _aIncludes bibliographical references and index.
650 _21. Language and languages.
942 _2ddc
_cBK-CIRC
_e5th ed.
_kCirc.
_n0
999 _c5156
_d5156